[Event "Foment Martinenc op-C 23rd"]
[Site "Barcelona"]
[Date "2023.05.27"]
[Round "6"]
[White "Vardanyan Aslanyan, Arman"]
[Black "Escobar Figueroa, Maricela"]
[Result "1-0"]
[WhiteElo "1234"]
[BlackElo "1049"]
[PlyCount "73"]
[EventDate "2023.04.22"]
[EventType "swiss"]
[EventRounds "9"]
[EventCountry "ESP"]
[SourceTitle "EXT 2024"]
[Source "ChessBase"]
[SourceDate "2023.10.10"]
[SourceVersion "1"]
[SourceVersionDate "2023.10.10"]
[SourceQuality "1"]

1. e4 g6 2. d4 Bg7 3. Nf3 d6 4. Nc3 e6 5. Be3 a6 6. Qd2 h6 7. 0-0-0 b6 8. Be2 Nd7 9. g4 Bb7 10. h4 Ne7 11. h5 g5 12. Nh2 0-0 13. f4 f6 14. Rhf1 c5 15. fxg5 cxd4 16. Bxd4 hxg5 17. Bf3 e5 18. Be3 Bh6 19. Qxd6 Kf7 20. Qxd7 Bc6 21. Qxd8 Rfxd8 22. Rxd8 Rxd8 23. Bxb6 Rd7 24. Rd1 Rb7 25. Bc5 a5 26. Nf1 Ng8 27. Ne3 f5 28. Nxf5 Nf6 29. Nd6+ Kg8 30. Nxb7 Bxb7 31. Be7 Nd7 32. Rxd7 Bc6 33. Rd8+ Kf7 34. Bd6 Ke6 35. Be2 Bg7 36. Bc4+ Kf6 37. Nd5+ 1-0